| Tag |
First Indicator |
Second Indicator |
Subfields |
| LEADER |
00000cam a2200000 a 4500 |
| 001 |
in00001406623 |
| 005 |
20151020072819.0 |
| 008 |
831102s1983 ilua b f000 0 eng d |
| 035 |
|
|
|a (OCoLC)10084890
|
| 035 |
|
|
|9 AHQ3568AM
|
| 040 |
|
|
|a ARL
|c ARL
|d TXA
|d UtOrBLW
|
| 043 |
|
|
|a n-us---
|
| 049 |
|
|
|a TXAS [mil]
|
| 090 |
|
|
|a UB323
|b .C58 1983
|
| 100 |
1 |
|
|a Coleman, F. David.
|
| 245 |
1 |
4 |
|a The 1982 Youth Attitude Tracking Study (YATS) :
|b an analysis of results and implications for Army recruiting /
|c by F. David Coleman and Marvin W. Trautwein.
|
| 264 |
|
1 |
|a Fort Sheridan, IL :
|b Research, Studies, and Evaluation Division, Program Analysis and Evaluation Directorate, U.S. Army Recruiting Command,
|c [1983]
|
| 300 |
|
|
|a iv, 18 leaves :
|b illustrations ;
|c 28 cm.
|
| 336 |
|
|
|a text
|b txt
|2 rdacontent
|
| 337 |
|
|
|a unmediated
|b n
|2 rdamedia
|
| 338 |
|
|
|a volume
|b nc
|2 rdacarrier
|
| 490 |
1 |
|
|a USAREC research memorandum ;
|v 83-2
|
| 500 |
|
|
|a "March 1983."
|
| 500 |
|
|
|a "August 1983."--Cover.
|
| 504 |
|
|
|a Bibliography: leaf 18.
|
| 610 |
1 |
0 |
|a United States.
|b Army
|x Recruiting, enlistment, etc.
|
| 650 |
|
0 |
|a Youth
|x Attitudes.
|
| 700 |
1 |
|
|a Trautwein, Marvin W.
|
| 710 |
1 |
|
|a United States.
|b Army Recruiting Command.
|b Research, Studies, and Evaluation Division.
|
| 740 |
0 |
|
|a Youth attitude tracking study.
|
| 830 |
|
0 |
|a USAREC research memorandum ;
|v 83-2.
|
| 948 |
|
|
|a c:mkz
|
| 999 |
|
|
|a MARS
|
| 999 |
f |
f |
|s 1ff17bfe-86e2-3c9f-9b61-88fc8ba28052
|i 04f4964a-0842-3882-bcb7-f83301fa13a9
|t 0
|
| 952 |
f |
f |
|p noncirc
|a Texas A&M University
|b College Station
|c Cushing Memorial Library & Archives
|d Cushing: Ragan Military (Does not check out)
|t 0
|e UB323 .C58 1983
|h Library of Congress classification
|i unmediated -- volume
|
| 998 |
f |
f |
|a UB323 .C58 1983
|t 0
|l Cushing: Ragan Military (Does not check out)
|